NBA Top Points Per Team 2010s - Statistics

General Stats
  • This quiz has been taken 903 times
  • The average score is 73 of 114
Answer Stats
Team Player % Correct
Cavaliers, Heat, Lakers LeBron James
100%
76ers Joel Embiid
98%
Thunder, Warriors Kevin Durant
98%
Pelicans David West
97%
Heat Dwyane Wade
97%
Thunder Russell Westbrook
97%
Bucks Giannis Antetokounmpo
96%
Rockets James Harden
96%
Bulls, Timberwolves Jimmy Butler
96%
Spurs, Raptors Kawhi Leonard
96%
Cavaliers, Celtics Kyrie Irving
96%
Nuggets, Knicks Carmelo Anthony
95%
Raptors DeMar DeRozan
95%
Mavericks Dirk Nowitzki
95%
Nuggets Nikola Jokic
95%
Pacers, Thunder Paul George
95%
Warriors Stephen Curry
95%
Clippers, Pistons Blake Griffin
94%
Trail Blazers Damian Lillard
94%
Suns Devin Booker
94%
Lakers Kobe Bryant
94%
Spurs Tim Duncan
94%
Spurs Tony Parker
94%
Pelicans Anthony Davis
93%
Wizards John Wall
92%
Timberwolves Karl-Anthony Towns
92%
Wizards Bradley Beal
91%
Bulls Derrick Rose
91%
Hornets Kemba Walker
91%
Grizzlies Marc Gasol
91%
Jazz Donovan Mitchell
90%
Wizards, Lakers Nick Young
90%
76ers Thaddeus Young
90%
Timberwolves Kevin Love
89%
Celtics Paul Pierce
89%
Magic Dwight Howard
88%
Mavericks Luka Doncic
88%
Trail Blazers, Spurs LaMarcus Aldridge
86%
Nets Brook Lopez
84%
Kings DeMarcus Cousins
84%
Celtics Isaiah Thomas
84%
Grizzlies Mike Conley
84%
Suns Steve Nash
83%
Bulls Zach LaVine
83%
Jazz, Nets Deron Williams
80%
76ers, Lakers Lou Williams
79%
Raptors, Heat Chris Bosh
78%
Timberwolves Andrew Wiggins
75%
Nets D'Angelo Russell
75%
Magic Nikola Vucevic
75%
Knicks | Suns Amar'e Stoudemire
74%
Bucks Khris Middleton
74%
Pacers Victor Oladipo
74%
Grizzlies, Kings Zach Randolph
74%
Hawks Paul Millsap
72%
Suns, Heat Goran Dragic
69%
Jazz Gordon Hayward
68%
Hawks, Nets Joe Johnson
68%
Lakers Julius Randle
68%
76ers Jrue Holiday
66%
Warriors, Bucks, Mavericks Monta Ellis
66%
Pelicans Jarrett Jack
64%
Hawks, Pistons Josh Smith
64%
Pistons Reggie Jackson
63%
Hornets Stephen Jackson
62%
Trail Blazers Brandon Roy
61%
Knicks Kristaps Porzingis
59%
76ers Andre Iguodala
58%
Pelicans Eric Gordon
56%
Pistons, Clippers Tobias Harris
56%
Timberwolves, Jazz, Hornets Al Jefferson
54%
Bulls Luol Deng
54%
Kings Buddy Hield
50%
Jazz Carlos Boozer
50%
Pacers George Hill
50%
Wizards Gilbert Arenas
50%
Pacers Danny Granger
49%
Celtics Jeff Green
47%
Grizzlies | Raptors Rudy Gay
47%
Bucks Brandon Jennings
46%
Suns Eric Bledsoe
46%
Magic Evan Fournier
43%
Bulls Lauri Markkanen
42%
Nuggets Ty Lawson
42%
Mavericks Harrison Barnes
40%
Hawks John Collins
40%
Kings, Grizzlies Tyreke Evans
39%
Nuggets Danilo Gallinari
38%
Hawks Dennis Schröder
37%
76ers Jahlil Okafor
37%
Knicks David Lee
35%
Heat Josh Richardson
34%
Knicks Tim Hardaway
33%
Pistons Richard Hamilton
32%
76ers Elton Brand
31%
Cavaliers Jordan Clarkson
31%
Rockets, Timberwolves Kevin Martin
31%
Pistons Greg Monroe
30%
Bucks Brandon Knight
29%
Raptors Andrea Bargnani
25%
Cavaliers Antawn Jamison
21%
Suns Marcin Gortat
21%
Rockets Aaron Brooks
19%
Timberwolves Nikola Pekovic
19%
Clippers Chris Kaman
18%
Bulls D.J. Augustin
16%
Magic Arron Afflalo
14%
Hornets Gerald Henderson
14%
Pistons Rodney Stuckey
14%
76ers Tony Wroten
7%
Bucks John Salmons
5%
Kings Marcus Thornton
5%
No matching quizzes found
Score Distribution
Percent of People with Each Score
Percentile by Number Answered
Your Score History
You have not taken this quiz